Library Banner

Chaman ki fikar nadan(چمن کی فکر کر ناداں)/ (Record no. 101592)

MARC details
000 -LEADER
fixed length control field 00441nam a22001457a 4500
005 - DATE AND TIME OF LATEST TRANSACTION
control field 20180115091253.0
008 - FIXED-LENGTH DATA ELEMENTS--GENERAL INFORMATION
fixed length control field 180115b xxu||||| |||| 00| 0 eng d
040 ## - CATALOGING SOURCE
Transcribing agency PK-LaUMT
082 ## - DEWEY DECIMAL CLASSIFICATION NUMBER
Classification number PKAC 320.95491
Item number QAZ-C
100 ## - MAIN ENTRY--PERSONAL NAME
Personal name Qazi Hussain Ahmed
245 ## - TITLE STATEMENT
Title Chaman ki fikar nadan(چمن کی فکر کر ناداں)/
Statement of responsibility, etc Qazi Hussain Ahmed and Khurshid Ahmed
260 ## - PUBLICATION, DISTRIBUTION, ETC. (IMPRINT)
Place of publication, distribution, etc لاہور:
Name of publisher, distributor, etc منشورات،
Date of publication, distribution, etc 2002
300 ## - PHYSICAL DESCRIPTION
Extent 30
942 ## - ADDED ENTRY ELEMENTS (KOHA)
Koha item type Books
Holdings
Withdrawn status Lost status Damaged status Home library Current library Date acquired Full call number Barcode Date last seen Price effective from Koha item type
      UMT Main Campus UMT Main Campus 2018-01-15 PKAC 320.95491 QAZ-C 117509 2018-01-15 2018-01-15 Books